|
|
|
|
| LEADER |
01068nam a2200265 a 4500 |
| 001 |
16921276 |
| 008 |
130411s2012 enka b 001 0 eng d |
| 010 |
|
|
|a 2011034101
|
| 020 |
|
|
|a 9780230229709 (hardback)
|
| 020 |
|
|
|a 0230229700 (hardback)
|
| 020 |
|
|
|a 9780230229716 (pbk.)
|
| 020 |
|
|
|a 0230229719 (pbk.)
|
| 040 |
|
|
|a DLC
|c DLC
|d YDX
|d YDXCP
|d BWX
|d CDX
|d UKMGB
|d DLC
|d BD-DhAAL
|
| 082 |
0 |
0 |
|a 320.6
|2 23
|
| 100 |
1 |
|
|a Cairney, Paul,
|d 1973-
|
| 245 |
1 |
0 |
|a Understanding public policy :
|b theories and issues /
|c Paul Cairney.
|
| 260 |
|
|
|a Houndmills, Basingstoke, Hampshire ;
|a New York :
|b Palgrave Macmillan,
|c 2012.
|
| 300 |
|
|
|a xvii, 327 p. :
|b ill. ;
|c 24 cm.
|
| 504 |
|
|
|a Includes bibliographical references and index.
|
| 541 |
|
|
|e 00026872
|
| 650 |
|
0 |
|a Political planning.
|
| 650 |
|
0 |
|a Public administration.
|
| 852 |
1 |
|
|a Ayesha Abed Library
|c General shelf.
|
| 999 |
|
|
|c 13292
|d 13292
|
| 952 |
|
|
|0 0
|1 0
|2 ddc
|4 0
|6 320_600000000000000_CAI
|7 0
|9 22190
|a IGS
|b IGS
|c GEN
|d 2013-04-11
|e Trim Education
|g 3155.00
|l 1
|m 2
|o 320.6 CAI
|p 3010026872
|r 2014-06-10
|s 2013-05-07
|t 1
|w 2013-04-11
|y BK
|